5HLuxD.jpg

KING HENRY VIII SENIOR AND PRIMARY SCHOOL LIBRARY OPAC

William Shakespeare's a midsummer night's dream / (Record no. 2770)

000 -LEADER
fixed length control field 01241cam a2200325 ab4500
001 - CONTROL NUMBER
control field 655084
003 - CONTROL NUMBER IDENTIFIER
control field INLPI
005 - DATE AND TIME OF LATEST TRANSACTION
control field 20230819154322.0
008 - FIXED-LENGTH DATA ELEMENTS--GENERAL INFORMATION
fixed length control field 080519s2014 enka g 000 f eng d
020 ## - INTERNATIONAL STANDARD BOOK NUMBER
International Standard Book Number 9780194786133
Qualifying information (pbk.)
040 ## - CATALOGING SOURCE
Original cataloging agency NLPI
Language of cataloging eng
Transcribing agency NLPI
Modifying agency NLPI
-- KH8
Description conventions aacr2
042 ## - AUTHENTICATION CODE
Authentication code nbic
082 0# - DEWEY DECIMAL CLASSIFICATION NUMBER
Classification number 428.6 SHA
100 1# - MAIN ENTRY--PERSONAL NAME
Personal name Shakespeare, William,
Dates associated with a name 1564-1616,
Relator term author.
245 10 - TITLE STATEMENT
Title William Shakespeare's a midsummer night's dream /
Statement of responsibility, etc. reold by R.J. Corrall ; illustrated by Fausto Bianchi.
246 1# - VARYING FORM OF TITLE
Display text Titlw from cover :
Title proper/short title A midsummer night's dream.
260 ## - PUBLICATION, DISTRIBUTION, ETC.
Place of publication, distribution, etc. Oxford :
Name of publisher, distributor, etc. Oxford University Press,
Date of publication, distribution, etc. c2014.
300 ## - PHYSICAL DESCRIPTION
Extent 72 pages :
Other physical details illustrations ;
Dimensions 20 cm.
490 1# - SERIES STATEMENT
Series statement Oxford bookworms library. Classics, Stage 3.
500 ## - GENERAL NOTE
General note Series editors : Jennifer Bassett.
500 ## - GENERAL NOTE
General note Oxford bookworms library stage 3: 1,000 headwords ; word count: 11,167.
500 ## - GENERAL NOTE
General note First published in Oxford Bookworms 2014.
650 #0 - SUBJECT ADDED ENTRY--TOPICAL TERM
Topical term or geographic name entry element Easy to read materials.
650 #0 - SUBJECT ADDED ENTRY--TOPICAL TERM
Topical term or geographic name entry element High interest-low vocabulary books.
650 #0 - SUBJECT ADDED ENTRY--TOPICAL TERM
Topical term or geographic name entry element Reading comprehension
Form subdivision Problems, exercises, etc.
700 1# - ADDED ENTRY--PERSONAL NAME
Personal name Corrall, R.J.
700 1# - ADDED ENTRY--PERSONAL NAME
Personal name Bianchi, Fausto,
Relator term illustrator.
830 #0 - SERIES ADDED ENTRY--UNIFORM TITLE
Uniform title Oxford bookworms library.
Name of part/section of a work Classics,
Number of part/section of a work Stage 3.
942 ## - ADDED ENTRY ELEMENTS (KOHA)
Source of classification or shelving scheme
Koha item type Teaching Resources
Holdings
Withdrawn status Lost status Source of classification or shelving scheme Damaged status Not for loan Collection code Permanent Location Current Location Shelving location Date acquired Total Checkouts Full call number Barcode Date due Date last seen Date last checked out Price effective from Koha item type
          Teaching Resources KH8 Senior School Library KH8 Senior School Library Staff Office 2023-08-19 1 428.6 SHA TRKHSL002152 2025-07-04 2024-11-08 2024-11-08 2023-08-19 Teaching Resources

Powered By KH8 IT Dept